| 000 | 01012cab a2200277 4500 | ||
|---|---|---|---|
| 001 | WB3140-13 | ||
| 008 | 090401t1995 xxu||||| |||| 00| 0 eng d | ||
| 035 | _a(Sirsi) u9058 | ||
| 041 | _aeng | ||
| 245 | _aRICS proposals for compensation | ||
| 260 | _c1995 | ||
| 350 | _a0 | ||
| 490 |
_aEstates Times _v(1299) 20 October 1995, 40 |
||
| 490 |
_aTimes _v25 October 1995, 23 |
||
| 490 |
_aRICS Press Release _v(PR136.com) 25 October 1995, (4) |
||
| 520 | _aSummarises recommendations of RICS report: "Compensation for Compulsory Acquisition", in particular the case of commercial property and farm land affected by the Channel Tunnel rail link. | ||
| 650 | _aBLIGHT | ||
| 650 | _aPROPERTY-COMMERCIAL PROPERTY | ||
| 650 | _aCOMPENSATION | ||
| 650 |
_aCompulsory purchase _96228 |
||
| 650 | _aFARMLAND | ||
| 650 | _aPLANNING AND COMPENSATION ACT 1991 | ||
| 690 | _aENVIRONMENTAL AND LAND CONSULTANCY-PLANNING AND DEVELOPMENT-COMPULSORY PURCHASE AND COMPENSATION | ||
| 942 | _n0 | ||
| 948 | _c04/03/1997 | ||
| 999 |
_c5613 _d5613 |
||